000 00816nam a2200217Ia 4500
003 GCL
008 140319s9999 xx 000 0 ara d
040 _aGCL /
_cGCL
082 0 4 _a251.1
_bق ط
100 1 _aابن قيم الجوزية: شمس الدين ابو عبدالله محمد بن ابى بكر
245 1 0 _aالطرق الحكيمة فى السياسة الشرعية /
_cابن قيم الجوزية: شمس الدين ابو عبدالله محمد بن ابى بكر
700 1 _aبريج غزاوى (تقديم)
300 _a328 ص
490 _a
650 0 4 _aالاحكام الشرعية
650 0 4 _aالشريعة الاسلامية
650 0 4 _aالشيعة
650 0 4 _aالقضاء فى الاسلام
650 0 4 _aالاسلام - نظام الحكم
942 _2ddc
_cBK
999 _c37668
_d37668